Chemistry in context (Record no. 183311)
[ view plain ]
| 000 -LEADER | |
|---|---|
| fixed length control field | 02026 a2200229 4500 |
| 003 - CONTROL NUMBER IDENTIFIER | |
| control field | NUST |
| 005 - DATE AND TIME OF LATEST TRANSACTION | |
| control field | 20170510133626.0 |
| 008 - FIXED-LENGTH DATA ELEMENTS--GENERAL INFORMATION | |
| fixed length control field | 170510b xxu||||| |||| 00| 0 eng d |
| 010 ## - LIBRARY OF CONGRESS CONTROL NUMBER | |
| LC control number | 2007050388 |
| 020 ## - INTERNATIONAL STANDARD BOOK NUMBER | |
| International Standard Book Number | 0 |
| 040 ## - CATALOGING SOURCE | |
| Transcribing agency | 0 |
| 082 00 - DEWEY DECIMAL CLASSIFICATION NUMBER | |
| Classification number | 540 HIL |
| 100 ## - MAIN ENTRY--PERSONAL NAME | |
| Personal name | Hill, Graham C. |
| 9 (RLIN) | 284 |
| 245 00 - TITLE STATEMENT | |
| Title | Chemistry in context |
| Statement of responsibility, etc. | Graham C.Hill |
| 250 ## - EDITION STATEMENT | |
| Edition statement | 4th ed. |
| 260 ## - PUBLICATION, DISTRIBUTION, ETC. | |
| Place of publication, distribution, etc. | Islamabad |
| Name of publisher, distributor, etc. | National Book Foundation |
| Date of publication, distribution, etc. | 2007 |
| 300 ## - PHYSICAL DESCRIPTION | |
| Extent | 614:p. (various pagings) : |
| Other physical details | col. ill. ; |
| Dimensions | 29 cm. |
| 500 ## - GENERAL NOTE | |
| General note | H.B |
| 505 ## - FORMATTED CONTENTS NOTE | |
| Formatted contents note | Atoms, Atomic Masses and Moles (Page-1), Reciting Quantities and Equations (Page-10), Redox (Page-21), Pattern and Periodicity (Page-37),Atomic Structure (Page-56), Electronic Structure (Page-69), Nuclear Structure and Radioactivity (Page-84), The Electronic Theory and Chemical Bonding (Page-99), Intermolecular Forces (Page-112), Structure Bonding and Properties the Solid State (Page-130), The Gaseous State (Page-151), Energy Changes and Bonding (Page-163), Patterns Across the Periodic Table (Page-188), Competition Processes (Page-207), Groups I and II The Alkali Metals and the Alkaline (Page-233), Aluminum (Page-247), Group VII The Halogens (Page-257), Carbon to Lead Non Metal to Metal (Page-275), The Transition Metals (Page-285), Metals and the Activity Series (Page-302), Equilibria (Page-325), Factors Affecting Equilibria (Page-343),Ionic Equilibra in Aqueous Solution (Page-360), Entropy and Free Energy (Page-381), Reaction Rates (Page-397), Introduction to Carbon Chemistry (Page-425), Petroleum and ALkanes (Page-444), Unsaturated Hydrocarbons (Page-466), Aromatic Hydrocarbons (Page-484), Organic Halogen Compounds (Page-503), Alcohols, Phenols and Ethers (Page-516), Carbonyl Compounds (Page-534), Carboxylic Acids and their Derivatives (Page-549), Organic Nitrogen Compounds (Page-569), Synthetic Routes for Organic Chemicals (Page-586), |
| 538 ## - SYSTEM DETAILS NOTE | |
| System details note | Almirah No.17 Shelf No.5 |
| 650 #0 - SUBJECT ADDED ENTRY--TOPICAL TERM | |
| Topical term or geographic name entry element | Chemistry. |
| 9 (RLIN) | 276 |
| 700 1# - ADDED ENTRY--PERSONAL NAME | |
| Personal name | Gilbert, Thomas R. |
| 9 (RLIN) | 285 |
| 856 41 - ELECTRONIC LOCATION AND ACCESS | |
| Materials specified | Table of contents only |
| Uniform Resource Identifier | <a href="http://www.loc.gov/catdir/toc/ecip086/2007050388.html">http://www.loc.gov/catdir/toc/ecip086/2007050388.html</a> |
| 942 ## - ADDED ENTRY ELEMENTS (KOHA) | |
| Source of classification or shelving scheme | |
| Koha item type | Book |
| Call number prefix | 540 HIL |
| Withdrawn status | Lost status | Source of classification or shelving scheme | Damaged status | Not for loan | Collection code | Permanent Location | Current Location | Shelving location | Date acquired | Total Checkouts | Full call number | Barcode | Date last seen | Price effective from | Koha item type |
|---|---|---|---|---|---|---|---|---|---|---|---|---|---|---|---|
| Institute of Environmental Science and Engineering (IESE) | Institute of Environmental Science and Engineering (IESE) | General Stacks | 05/10/2017 | 540 HIL | IESE-1408 | 05/10/2017 | 05/10/2017 | Book | |||||||
| Institute of Environmental Science and Engineering (IESE) | Institute of Environmental Science and Engineering (IESE) | General Stacks | 05/10/2017 | 540 HIL | IESE-1407 | 05/10/2017 | 05/10/2017 | Book |
